Wardens of Westeros Quiz Stats

 Plays Quiz Updated Jun 9, 2015

Challenge
Share
Tweet
Embed
Score 0/8 Timer 03:00
3 Plays Today
Title House % Correct
Warden of the NorthHouse Stark
99.8%
Warden of the WestHouse Lannister
85.8%
Warden of the SouthHouse Tyrell
76.1%
Warden of the EastHouse Arryn
69.6%
Warden of the Southern MarchesHouse Tully
20.8%
Warden of the White KnifeHouse Manderly
20.1%
Warden of Stone WayHouse Yronwood
12.1%
Warden of the Prince's PassHouse Fowler
7.2%

You're not logged in!

Compare scores with friends on all Sporcle quizzes.
OR
Log In

You Might Also Like...

Show Comments

Extras

Top Quizzes Today


Score Distribution

Your Account Isn't Verified!

In order to create a playlist on Sporcle, you need to verify the email address you used during registration. Go to your Sporcle Settings to finish the process.

Report this User

Report this user for behavior that violates our Community Guidelines.

Details: